Memoria acerca de los trabajos llevados a cabo por la Comisión de Reorganización del Ejército, dirigida al Excmo. Sr. Ministro de la Guerra / (Record no. 161070)

MARC details
000 -LEADER
campo de control de longitud fija 01210nam a2200241 i 4500
001 - NÚMERO DE CONTROL
campo de control 161070
003 - IDENTIFICADOR DE NÚMERO DE CONTROL
campo de control ES-MaACL
005 - FECHA Y HORA DE LA ÚLTIMA TRANSACCIÓN
campo de control 20250716063319.0
008 - DATOS DE LONGITUD FIJA--INFORMACIÓN GENERAL
campo de control de longitud fija 981207s1873 sp |||| | spa d
080 ## - NÚMERO DE LA CLASIFICACIÓN DECIMAL UNIVERSAL
Número de la Clasificación Decimal Universal 355.351(460)"18"
100 1# - ENTRADA PRINCIPAL--NOMBRE DE PERSONA
Nombre de persona Orozco y Zúñiga, José Antonio de,
Fechas asociadas al nombre 1810-1881
Término indicativo de función/relación Autor
9 (RLIN) 130694
245 10 - MENCIÓN DEL TÍTULO
Título Memoria acerca de los trabajos llevados a cabo por la Comisión de Reorganización del Ejército, dirigida al Excmo. Sr. Ministro de la Guerra /
Mención de responsabilidad, etc. por José de Orozco y Zúñiga.
260 ## - PUBLICACIÓN, DISTRIBUCIÓN, ETC.
Lugar de publicación, distribución, etc. Madrid :
Nombre del editor, distribuidor, etc. [s.n.],
Fecha de publicación, distribución, etc. 1873
Fabricante (Imp. y Litografía del Depósito de la Guerra)
300 ## - DESCRIPCIÓN FÍSICA
Extensión 19 páginas ;
Dimensiones 26 cm.
650 #4 - PUNTO DE ACCESO ADICIONAL DE MATERIA--TÉRMINO DE MATERIA
Término de materia o nombre geográfico como elemento de entrada Ejército-
Subdivisión geográfica España-
Subdivisión cronológica S.XIX.
9 (RLIN) 166099
650 #4 - PUNTO DE ACCESO ADICIONAL DE MATERIA--TÉRMINO DE MATERIA
Término de materia o nombre geográfico como elemento de entrada Fuerzas armadas-
Subdivisión geográfica España-
Subdivisión cronológica S.XIX
9 (RLIN) 13003
710 1# - ENTRADA AGREGADA--NOMBRE DE ENTIDAD CORPORATIVA
Nombre de entidad corporativa o nombre de jurisdicción como elemento de entrada España.
Unidad subordinada Depósito de la Guerra.
Término indicativo de función/relación Impresor
9 (RLIN) 167579
852 4# - LOCALIZACIÓN
Ubicación ES-MaACL
Ubicación en estantería Depósito folletos
Anotaciones manuscritas Dedicatoria autógrafa de Luis Vidart al Ateneo de Madrid
Donativo/Legado Donativo de Luis Vidart
Número de control de estantería T-151-F-7
Encuadernación Enc. en un vol. facticio
-- Holandesa, falto de cub. original
852 4# - LOCALIZACIÓN
Ubicación ES-MaACL
Ubicación en estantería Depósito folletos
Número de control de estantería T-151-F-8
Encuadernación Enc. en un vol. facticio
-- Holandesa, falto de cub. original
942 ## - ELEMENTOS DE ENTRADA SECUNDARIOS (KOHA)
Fuente del sistema de clasificación o colocación Clasificación decimal universal
Tipo de ítem Koha Folleto
Suprimir en OPAC No
Holdings
Estatus retirado Estado de pérdida Fuente del sistema de clasificación o colocación Estado de daño No para préstamo Colección Biblioteca de origen Biblioteca actual Ubicación en estantería Fecha de adquisición Total de préstamos Signatura topográfica completa Código de barras Visto por última vez Tipo de ítem Koha Fuente de adquisición Nota pública
    Clasificación decimal universal     Colección de folletos Biblioteca del Ateneo de Madrid Biblioteca del Ateneo de Madrid Depósito folletos 17/01/2008   T-151-F-8 1168707 23/02/2023 Folleto    
    Clasificación decimal universal     Colección de folletos Biblioteca del Ateneo de Madrid Biblioteca del Ateneo de Madrid Depósito folletos 17/01/2008   T-151-F-7 1168706 23/02/2023 Folleto Donación Dedicatoria autógrafa de Luis Vidart al Ateneo de Madrid